1er. simposio nacional de corrosión [10 al 14 de octubre de 1977] /
Guardado en:
| Autores Corporativos: | , |
|---|---|
| Formato: | Libro |
| Idioma: | Spanish |
| Publicado: |
Rosario :
Amalevi,
1978.
|
| Materias: | |
| Etiquetas: |
Agregar Etiqueta
Sin Etiquetas, Sea el primero en etiquetar este registro!
|
| LEADER | 00819nam a22001935a 4500 | ||
|---|---|---|---|
| 001 | EIQ.libpla001172 | ||
| 008 | 060814s1978####ag#a#####b####100#0#spa#d | ||
| 005 | 20060814175539.0 | ||
| 245 | 1 | 0 | |a 1er. simposio nacional de corrosión [10 al 14 de octubre de 1977] / |c Asociación de Ingenieros Químicos del Centro de Ingenieros de Rosario. |
| 260 | |a Rosario : |b Amalevi, |c 1978. | ||
| 300 | |a 175 p. : |b il. ; |c 29 cm. | ||
| 500 | |a Datos tomados de cubierta. | ||
| 504 | |a Incluye referencias bibliográficas. | ||
| 111 | 2 | |a Simposio nacional de corrosión |n (1er. : |d 1977 : |c Rosario) | |
| 710 | 2 | |a Centro de Ingenieros de Rosario. |b Asociación de Ingenieros Químicos. | |
| 650 | 4 | |a Corrosión |x Congresos. | |
| 650 | 4 | |a Corrosion |x Congresses. | |
| 040 | |a AR-BbSID |b spa |c AR-BbSID | ||
| 859 | |a AR-BbSID |b BIB. PLAPIQUI |h 620.112 2 |i Si 58 |p 2930 | ||
